000 00297nam a2200097Ia 4500
008 240331s9999 xx 000 0 und d
082 _a303.6
_bDIS
100 _aDissanayaka, T.D.S.A.
245 4 _aThe dilemma of Sri Lanka :
_ban in-depth account of the current ethnic conflict in Sri Lanka
942 _cL
999 _c1253
_d1253